[Event "Stuttgarter Stadtmeisterschaft A"]
[Site "Ditzingen"]
[Date "2015.05.14"]
[Round "1.28"]
[White "Debus, Alfred"]
[Black "Kuhlmann, Hans-Peter"]
[Result "0-1"]
[WhiteElo "2143"]
[BlackElo "1910"]
[PlyCount "64"]
[EventDate "2015.??.??"]
[WhiteTeam "SK Marburg"]
[BlackTeam "Spvgg Renningen"]

1. e4 c6 2. d4 d5 3. exd5 cxd5 4. c4 Nf6 5. Nc3 e6 6. Nf3 Nc6 7. Bd3 dxc4 8.
Bxc4 Be7 9. O-O O-O 10. Re1 a6 11. a3 b5 12. Ba2 Bb7 13. Qd3 Rc8 14. Bg5 Rc7
15. Rad1 b4 16. Ne2 bxa3 17. bxa3 Na7 18. Bb1 g6 19. Bc1 Be4 20. Qxa6 Bxb1 21.
Bf4 Be4 22. Bxc7 Qxc7 23. Rc1 Qb8 24. Ne5 Rc8 25. Nc3 Bb7 26. Qa4 Qa8 27. Qb3
Bxg2 28. Nxf7 Bh3 29. d5 Rb8 30. Nh6+ Kg7 31. Qa4 Nxd5 32. Ng4 Rb4 0-1

[Event "Stuttgarter Stadtmeisterschaft A"]
[Site "Ditzingen"]
[Date "2015.05.14"]
[Round "1.29"]
[White "Wimmer, Thomas"]
[Black "Kessler, Andreas"]
[Result "0-1"]
[WhiteElo "1918"]
[BlackElo "2141"]
[PlyCount "54"]
[EventDate "2015.??.??"]
[WhiteTeam "SK Marburg"]

1. d4 Nf6 2. c4 g6 3. Nc3 d5 4. Qb3 dxc4 5. Qxc4 Bg7 6. Nf3 c6 7. e4 Na6 8. Bf4
O-O 9. Be2 Qa5 10. O-O Be6 11. Qa4 Qxa4 12. Nxa4 Nxe4 13. Bxa6 bxa6 14. Rfe1
Bd5 15. Ne5 Rfd8 16. Rac1 Rac8 17. Nc5 Nxc5 18. Rxc5 Bf8 19. Ng4 Bxa2 20. Nh6+
Kg7 21. h4 f6 22. h5 Rxd4 23. Be3 Re4 24. f3 Rxe3 25. Nf5+ gxf5 26. Rxe3 e5 27.
f4 Bxc5 0-1

[Event "Stuttgarter Stadtmeisterschaft A"]
[Site "Ditzingen"]
[Date "2015.05.14"]
[Round "1.30"]
[White "Zikeli, Saskia"]
[Black "Pajer, Michael"]
[Result "1-0"]
[WhiteElo "2134"]
[BlackElo "1889"]
[PlyCount "113"]
[EventDate "2015.??.??"]
[WhiteTeam "SC Ingersheim"]
[BlackTeam "SK Bebenhausen"]

1. e4 c6 2. d4 d5 3. exd5 cxd5 4. c4 Nf6 5. Nc3 e6 6. Bg5 Be7 7. Nf3 Nc6 8. Be2
O-O 9. Rc1 dxc4 10. Bxc4 h6 11. Bh4 Qb6 12. O-O Rd8 13. Na4 Qa5 14. Bd3 Nd5 15.
Bxe7 Ndxe7 16. Rc5 Qc7 17. Bb1 b6 18. Rc1 Qd6 19. Qc2 g6 20. Nc3 Bb7 21. Ne4
Qf4 22. Rfd1 Rac8 23. Qd3 Nb4 24. Qe3 Qxe3 25. fxe3 Nbd5 26. Rxc8 Bxc8 27. Kf2
Nf5 28. Re1 Ba6 29. Nc3 Nxc3 30. bxc3 Rc8 31. Rc1 Nd6 32. Ke1 Bb7 33. Bd3 Nc4
34. Ke2 Kg7 35. e4 f6 36. g3 Nd6 37. Ke3 Nc4+ 38. Ke2 Nd6 39. Nd2 f5 40. Ke3
Nf7 41. c4 Kf6 42. Rf1 Ke7 43. g4 fxg4 44. e5 Rg8 45. Rf6 g5 46. Bg6 Rg7 47.
Bh5 Rh7 48. Bxg4 Bc8 49. Bh5 Nh8 50. Ne4 Bd7 51. Nd6 a6 52. Ke4 b5 53. cxb5
axb5 54. d5 b4 55. dxe6 Bxe6 56. Rf2 Nf7 57. Nxf7 1-0

[Event "Stuttgarter Stadtmeisterschaft A"]
[Site "Ditzingen"]
[Date "2015.05.14"]
[Round "1.31"]
[White "Enneking, Hermann"]
[Black "Gerstenberger, Heinz"]
[Result "1-0"]
[WhiteElo "1881"]
[BlackElo "2129"]
[PlyCount "76"]
[EventDate "2015.??.??"]
[WhiteTeam "TSV Schönaich"]
[BlackTeam "Stuttgarter SF"]

1. d4 e6 2. c4 b6 3. Nc3 Bb7 4. e4 Bb4 5. Bd3 f5 6. f3 Nc6 7. Nge2 fxe4 8. Bxe4
d5 9. cxd5 exd5 10. Bc2 Qh4+ 11. g3 Qf6 12. O-O O-O-O 13. a3 Bxc3 14. bxc3 Nge7
15. Nf4 Rde8 16. Ba4 g5 17. Nh3 h6 18. f4 Qe6 19. Nf2 gxf4 20. Bxf4 Ng6 21. Qd2
Nxf4 22. Qxf4 Kb8 23. Ng4 a6 24. Bxc6 Bxc6 25. Ne5 Bb5 26. Rf2 Kb7 27. a4 Bc4
28. Qf3 Rhf8 29. Qxf8 Rxf8 30. Rxf8 Qe7 31. Rf4 b5 32. axb5 axb5 33. Rf7 Qg5
34. Rf4 Qe7 35. h4 b4 36. cxb4 Qxb4 37. Nd7 Qb2 38. Nc5+ Kb6 1-0

[Event "Stuttgarter Stadtmeisterschaft A"]
[Site "Ditzingen"]
[Date "2015.05.14"]
[Round "1.32"]
[White "Schmidt, Tobias"]
[Black "Weber, Sandra"]
[Result "1-0"]
[WhiteElo "2122"]
[BlackElo "1862"]
[PlyCount "45"]
[EventDate "2015.??.??"]
[WhiteTeam "SC Erdmannhausen"]
[BlackTeam "SC Neckarsulm"]

1. e4 c5 2. Nf3 Nc6 3. c3 g6 4. d4 cxd4 5. cxd4 d5 6. exd5 Qxd5 7. Nc3 Qa5 8.
Bc4 Bg7 9. Be3 Nh6 10. d5 Nb8 11. Bd4 O-O 12. O-O Nf5 13. Bxg7 Kxg7 14. Re1 Qb4
15. Bb3 Nd7 16. Re4 Qb6 17. g4 Nh6 18. h3 Ng8 19. Na4 Qd6 20. Rc1 Ngf6 21. Qd4
Kg8 22. Re3 Re8 23. Rec3 1-0

[Event "Stuttgarter Stadtmeisterschaft A"]
[Site "Ditzingen"]
[Date "2015.05.14"]
[Round "1.33"]
[White "Schmidt, Markus"]
[Black "Montigel, Philipp"]
[Result "0-1"]
[WhiteElo "1871"]
[BlackElo "2117"]
[PlyCount "110"]
[EventDate "2015.??.??"]
[WhiteTeam "Stuttgarter SF"]
[BlackTeam "SV Stuttgart-Wolfbusch"]

1. d4 d5 2. c4 Nc6 3. Nc3 dxc4 4. e3 e5 5. d5 Nce7 6. Bxc4 a6 7. a4 Ng6 8. Nf3
Nf6 9. Qb3 Bd6 10. e4 O-O 11. O-O Nh5 12. Bg5 f6 13. Be3 Kh8 14. g3 Ne7 15. Be2
Qe8 16. Nh4 g5 17. Ng2 Qg6 18. Kh1 Rg8 19. Qd1 Nf4 20. gxf4 gxf4 21. Rg1 fxe3
22. Nxe3 Qh6 23. Rxg8+ Kxg8 24. Bg4 Qf4 25. Qf3 Qxf3+ 26. Bxf3 Bc5 27. Rg1+ Kf7
28. Bh5+ Ng6 29. Rg3 Bd7 30. b3 b5 31. Bg4 Bxe3 32. fxe3 Bxg4 33. Rxg4 b4 34.
Ne2 c5 35. Rg1 Rc8 36. Rc1 Nh4 37. Ng3 Ke7 38. Nf5+ Nxf5 39. exf5 e4 40. Rc4
Kd6 41. Rxe4 Kxd5 42. Re6 c4 43. bxc4+ Kxc4 44. Rxf6 Rb8 45. Rd6 b3 46. Rd1 b2
47. Rb1 Kc3 48. Kg2 Kc2 49. Rxb2+ Rxb2 50. Kf3 Kd3 51. Kf4 Rf2+ 52. Kg5 Ke4 53.
f6 Ke5 54. h4 Rxf6 55. h5 h6+ 0-1

[Event "Stuttgarter Stadtmeisterschaft A"]
[Site "Ditzingen"]
[Date "2015.05.14"]
[Round "1.34"]
[White "Schulte, Torsten"]
[Black "Baumeister, Jürgen"]
[Result "1-0"]
[WhiteElo "2117"]
[BlackElo "1869"]
[PlyCount "59"]
[EventDate "2015.??.??"]
[WhiteTeam "SC Eppingen"]
[BlackTeam "SC Asperg"]

1. d4 d5 2. c4 c6 3. Nf3 e6 4. Bg5 Bb4+ 5. Nbd2 Ne7 6. e3 O-O 7. a3 Bd6 8. Bd3
f6 9. Bh4 Qe8 10. Bg3 e5 11. dxe5 fxe5 12. Bxe5 Bf5 13. Bxf5 Nxf5 14. Bxd6 Nxd6
15. cxd5 cxd5 16. Qb3 Qf7 17. O-O Nd7 18. Rac1 Rac8 19. Qb4 Qg6 20. Qd4 Nf6 21.
Qxa7 Qf5 22. Qb6 Nfe4 23. Rxc8 Rxc8 24. Nxe4 dxe4 25. Qxd6 exf3 26. gxf3 Rc6
27. Qb8+ Rc8 28. Qxb7 Rc2 29. Rd1 Rd2 30. Rxd2 1-0

[Event "Stuttgarter Stadtmeisterschaft A"]
[Site "Ditzingen"]
[Date "2015.05.14"]
[Round "1.35"]
[White "Novak, Josua"]
[Black "Weber, Klaus"]
[Result "0-1"]
[WhiteElo "1863"]
[BlackElo "2113"]
[PlyCount "50"]
[EventDate "2015.??.??"]
[WhiteTeam "TSV Münchingen"]
[BlackTeam "SV Tübingen"]

1. e4 e5 2. Nf3 d6 3. d4 exd4 4. Nxd4 Nf6 5. Bd3 c5 6. Nf3 Nc6 7. h3 Be7 8. c4
Nb4 9. Nc3 Nxd3+ 10. Qxd3 O-O 11. Bf4 Qb6 12. O-O-O Be6 13. g4 a6 14. g5 Nh5
15. Bh2 Qb4 16. Nd5 Bxd5 17. Qxd5 b5 18. Nd2 bxc4 19. Nxc4 Bxg5+ 20. Kb1 Nf6
21. Qxg5 Nxe4 22. Qc1 Nxf2 23. Rhf1 Nxd1 24. Rxd1 a5 25. Rxd6 Rad8 0-1

[Event "Stuttgarter Stadtmeisterschaft A"]
[Site "Ditzingen"]
[Date "2015.05.14"]
[Round "1.36"]
[White "Schwab, Matthias"]
[Black "Viehoff, Jürgen"]
[Result "1-0"]
[WhiteElo "2106"]
[BlackElo "1857"]
[PlyCount "133"]
[EventDate "2015.??.??"]
[WhiteTeam "SC Böblingen"]
[BlackTeam "SC Stetten a.d.F."]

1. d4 Nf6 2. c4 e5 3. dxe5 Ng4 4. Nf3 Bc5 5. e3 Nc6 6. Be2 Ngxe5 7. Nbd2 a5 8.
O-O O-O 9. Ne4 Nxf3+ 10. Bxf3 Be7 11. Bd2 Ne5 12. Bc3 Nxf3+ 13. Qxf3 Ra6 14.
Rad1 f5 15. Ng3 Bf6 16. Bd4 Bxd4 17. Rxd4 Raf6 18. Nh5 Rh6 19. Nf4 b6 20. Rfd1
c6 21. Nd3 Qc7 22. Qf4 Qxf4 23. Nxf4 g5 24. Nh3 g4 25. Nf4 Rff6 26. c5 bxc5 27.
Ra4 Rd6 28. Rc1 Rd2 29. Rxa5 Rhd6 30. h3 Kf7 31. Rcxc5 gxh3 32. Rxf5+ Ke7 33.
b3 hxg2 34. Kxg2 Rb2 35. Ra8 Bb7 36. Rh8 Rxa2 37. Re5+ Kf6 38. Rh5 Rdd2 39.
R8xh7 Rxf2+ 40. Kg3 Rfb2 41. Kg4 Rg2+ 42. Nxg2 Rxg2+ 43. Kf4 Rf2+ 44. Kg3 Rb2
45. Rxd7 Rxb3 46. Kf4 Ke6 47. Rg7 Kd6 48. e4 Rb4 49. Rh2 Ba6 50. Rd2+ Kc5 51.
Ke5 Rc4 52. Rg1 Bc8 53. Rgg2 Bh3 54. Rh2 Bg4 55. Rc2 Bd1 56. Rxc4+ Kxc4 57. Kd6
c5 58. e5 Kb4 59. e6 c4 60. e7 Ba4 61. Rh4 Be8 62. Kd5 Bf7+ 63. Kd4 c3 64. Rh3
c2 65. Rc3 Kb5 66. Rxc2 Kb6 67. Rc8 1-0

[Event "Stuttgarter Stadtmeisterschaft A"]
[Site "Ditzingen"]
[Date "2015.05.14"]
[Round "1.37"]
[White "Wohlfahrt, Michael"]
[Black "Aksenov, Pavel"]
[Result "1/2-1/2"]
[WhiteElo "1852"]
[BlackElo "2097"]
[PlyCount "112"]
[EventDate "2015.??.??"]
[WhiteTeam "TSF Welzheim"]
[BlackTeam "Stuttgarter SF"]

1. e4 e6 2. d4 d5 3. Nc3 Bb4 4. Bd3 c5 5. a3 Ba5 6. Bb5+ Bd7 7. Bxd7+ Qxd7 8.
exd5 Qxd5 9. Nf3 cxd4 10. Qxd4 Qxd4 11. Nxd4 Bxc3+ 12. bxc3 Nf6 13. Nb5 Na6 14.
Be3 b6 15. Bd4 O-O 16. O-O Rfc8 17. a4 Nc5 18. a5 Nfd7 19. axb6 axb6 20. f4 Ra5
21. Rxa5 bxa5 22. Ra1 a4 23. Kf2 f6 24. Ke2 e5 25. fxe5 fxe5 26. Be3 Rb8 27. c4
Kf7 28. Kd2 Ne4+ 29. Kd3 Ndc5+ 30. Bxc5 Nxc5+ 31. Kc3 Ke6 32. Kb4 Rc8 33. Ra3
g6 34. Rh3 h5 35. Rg3 Kf6 36. Rf3+ Kg5 37. Nd6 Na6+ 38. Kxa4 Rc7 39. Kb5 Rc5+
40. Kxa6 Rc6+ 41. Kb7 Rxd6 42. c5 Rd2 43. Rg3+ Kf4 44. Rxg6 Rxc2 45. Rf6+ Kg5
46. Rc6 Rxg2 47. Re6 Kf5 48. Re8 Rxh2 49. c6 Rb2+ 50. Kc8 h4 51. c7 e4 52. Kd7
Rd2+ 53. Ke7 Rc2 54. c8=Q+ Rxc8 55. Rxc8 e3 56. Rc3 Kf4 1/2-1/2

[Event "Stuttgarter Stadtmeisterschaft A"]
[Site "Ditzingen"]
[Date "2015.05.14"]
[Round "1.38"]
[White "Zymberi, Agron"]
[Black "Issaad, Pascal"]
[Result "1-0"]
[WhiteElo "2089"]
[BlackElo "1845"]
[PlyCount "62"]
[EventDate "2015.??.??"]
[WhiteTeam "SC Villingen"]
[BlackTeam "SV Stuttgart-Wolfbusch"]

1. Nf3 b5 2. d4 Bb7 3. Bf4 Nf6 4. Nbd2 e6 5. e3 a6 6. Bd3 c5 7. c3 Nc6 8. O-O
Be7 9. h3 O-O 10. Re1 Qb6 11. a4 d5 12. dxc5 Bxc5 13. b4 Be7 14. axb5 axb5 15.
Qe2 Ba6 16. Rec1 Rfd8 17. Nd4 Nd7 18. N2f3 Bf6 19. Bg5 e5 20. Bxf6 Nxd4 21.
cxd4 gxf6 22. Bf5 Qd6 23. Bxd7 Rxd7 24. Nh4 Qe6 25. Qh5 Kh8 26. Nf5 Rg8 27. h4
Rb7 28. Nh6 Rf8 29. Rc5 Rb6 30. Rc7 Kg7 31. Re7 Rd6 1-0

[Event "Stuttgarter Stadtmeisterschaft A"]
[Site "Ditzingen"]
[Date "2015.05.14"]
[Round "1.39"]
[White "Ruff, Robert"]
[Black "Stolz, Stephan"]
[Result "1/2-1/2"]
[WhiteElo "1821"]
[BlackElo "2086"]
[PlyCount "38"]
[EventDate "2015.??.??"]
[WhiteTeam "SK Sachsenheim"]
[BlackTeam "Stuttgarter SF"]

1. d4 d5 2. c4 e6 3. Nc3 f5 4. Nf3 Nf6 5. Bf4 c6 6. c5 Nbd7 7. e3 Ne4 8. Bd3
Be7 9. Qc2 Ndf6 10. Ne5 Bd7 11. f3 Nxc3 12. Qxc3 Nh5 13. O-O-O Nxf4 14. exf4
Qc7 15. Rde1 Bf6 16. g4 Bxe5 17. Rxe5 O-O-O 18. Rg1 g6 19. Qe1 Rde8 1/2-1/2

[Event "Stuttgarter Stadtmeisterschaft A"]
[Site "Ditzingen"]
[Date "2015.05.14"]
[Round "1.40"]
[White "Höglauer, Patrick"]
[Black "Engelhardt, Frank"]
[Result "1-0"]
[WhiteElo "2079"]
[BlackElo "1819"]
[PlyCount "71"]
[EventDate "2015.??.??"]
[WhiteTeam "SV Backnang"]
[BlackTeam "SC Botnang"]

1. d4 Nf6 2. c4 e5 3. dxe5 Ng4 4. Bf4 Bc5 5. e3 Nh6 6. Nf3 Nc6 7. Nc3 Bb4 8.
Bg5 Bxc3+ 9. bxc3 Ne7 10. Be2 b6 11. O-O Bb7 12. Qd2 Nhf5 13. Nd4 Qc8 14. Bg4
h6 15. Nxf5 Nxf5 16. Bxf5 hxg5 17. Rfd1 Bc6 18. e4 Qd8 19. Qe3 Qe7 20. Qg3
O-O-O 21. Rd4 Kb7 22. Rad1 Rh4 23. Bg4 Rh6 24. h3 f6 25. e6 d6 26. Qd3 Rf8 27.
a4 a5 28. Rb1 Ka7 29. Qe3 g6 30. Rd5 Bxd5 31. cxd5 f5 32. exf5 gxf5 33. Be2 c5
34. dxc6 Rxe6 35. Qxb6+ Ka8 36. c7 1-0

[Event "Stuttgarter Stadtmeisterschaft A"]
[Site "Ditzingen"]
[Date "2015.05.14"]
[Round "1.41"]
[White "Stoll, Katja"]
[Black "Kübler, Marcus"]
[Result "1/2-1/2"]
[WhiteElo "1818"]
[BlackElo "2074"]
[PlyCount "84"]
[EventDate "2015.??.??"]
[WhiteTeam "SC Weiße Dame Ulm"]
[BlackTeam "TSV Schönaich"]

1. e4 g6 2. d4 Bg7 3. Nc3 d6 4. Be3 a6 5. a4 b6 6. Bd3 Nd7 7. Nge2 Bb7 8. O-O
c5 9. dxc5 Nxc5 10. Qd2 Nf6 11. f3 h5 12. Nf4 Rc8 13. Nfd5 e6 14. Nf4 O-O 15.
Nfe2 Ncd7 16. Nd4 Qc7 17. Nce2 Rfe8 18. a5 b5 19. c3 Ne5 20. Bxb5 axb5 21. Nxb5
Qc6 22. Na7 Qa6 23. Nxc8 Rxc8 24. Nd4 Nc4 25. Qc1 d5 26. b4 dxe4 27. b5 Qd6 28.
a6 Ba8 29. Rd1 Nd7 30. Bh6 exf3 31. Bxg7 f2+ 32. Kxf2 Kxg7 33. Rb1 Qb6 34. Kg3
h4+ 35. Kxh4 Rh8+ 36. Kg3 Qd6+ 37. Kf2 Qxh2 38. Rh1 Qe5 39. Rxh8 Kxh8 40. Qh6+
Kg8 41. Qh1 Qf6+ 42. Ke1 Qe5+ 1/2-1/2

[Event "Stuttgarter Stadtmeisterschaft A"]
[Site "Ditzingen"]
[Date "2015.05.14"]
[Round "1.42"]
[White "Maj, Kornel"]
[Black "Langjahr, Marius"]
[Result "1/2-1/2"]
[WhiteElo "2073"]
[BlackElo "1812"]
[PlyCount "105"]
[EventDate "2015.??.??"]
[WhiteTeam "Stuttgarter SF"]
[BlackTeam "SK Sachsenheim"]

1. e4 e6 2. d3 d5 3. Nd2 Nf6 4. Ngf3 Nc6 5. Be2 dxe4 6. dxe4 Bc5 7. O-O e5 8.
c3 Qe7 9. b4 Bd6 10. Qc2 O-O 11. Nc4 b6 12. Bg5 Bb7 13. Ne3 Nb8 14. Nf5 Qe6 15.
Bd3 Rc8 16. Qe2 Nbd7 17. Bc4 Qe8 18. Bxf6 Nxf6 19. Ng5 Qc6 20. b5 Qc5 21. Nxf7
Kf8 22. Ng5 Re8 23. Ne6+ Rxe6 24. Bxe6 Bxe4 25. Ng3 Bg6 26. Qc4 Qa3 27. Qb3
Qxb3 28. axb3 Bd3 29. Rfe1 Bxb5 30. Nf5 Bd3 31. Nxd6 cxd6 32. Red1 Ke7 33. Bd5
Nxd5 34. Rxd3 Nf4 35. Rd2 Ne6 36. Rda2 a5 37. b4 Rc8 38. bxa5 bxa5 39. Ra3 a4
40. Rxa4 Rxc3 41. Ra7+ Kf6 42. Rd7 Rc6 43. g3 Nc5 44. Rd8 Ne6 45. Rh8 h6 46.
Rd1 Ke7 47. Ra8 Rc7 48. Rda1 d5 49. R8a7 Rxa7 50. Rxa7+ Kf6 51. Kf1 h5 52. h4
e4 53. Ra5 1/2-1/2

[Event "Stuttgarter Stadtmeisterschaft A"]
[Site "Ditzingen"]
[Date "2015.05.14"]
[Round "2.1"]
[White "Braun, Joachim"]
[Black "Ikonnikov, Vyacheslav"]
[Result "0-1"]
[WhiteElo "2177"]
[BlackElo "2560"]
[PlyCount "64"]
[EventDate "2015.??.??"]
[WhiteTeam "SF Birkenfeld"]
[BlackTeam "SF Bad Mergentheim"]

1. e4 c5 2. Nf3 Nc6 3. Bb5 g6 4. Bxc6 dxc6 5. d3 Bg7 6. h3 Nh6 7. O-O f6 8.
Nbd2 e5 9. a3 a5 10. a4 Nf7 11. Nc4 Be6 12. Be3 b6 13. b3 O-O 14. Qe2 Re8 15.
Rae1 f5 16. exf5 gxf5 17. Bc1 Bxc4 18. dxc4 e4 19. Nh2 Qh4 20. f4 Rad8 21. Qf2
Bd4 22. Be3 Qh5 23. Qe2 Qxe2 24. Rxe2 h5 25. g3 Nh8 26. Kg2 Ng6 27. g4 Kf7 28.
Kg3 Bxe3 29. Rxe3 Rd2 30. gxh5 Ne7 31. h4 Rh8 32. Kh3 Rxh5 0-1

[Event "Stuttgarter Stadtmeisterschaft A"]
[Site "Ditzingen"]
[Date "2015.05.14"]
[Round "2.2"]
[White "Dgebuadze, Alexandre"]
[Black "Denisow, Jewgeny"]
[Result "1/2-1/2"]
[WhiteElo "2490"]
[BlackElo "2170"]
[PlyCount "46"]
[EventDate "2015.??.??"]
[BlackTeam "SG Schwäbisch Gmünd"]

1. e4 e5 2. Nf3 Nc6 3. Bc4 Nf6 4. d3 h6 5. O-O Be7 6. Re1 O-O 7. Nbd2 d6 8. c3
Na5 9. Bb5 a6 10. Ba4 b5 11. Bc2 c5 12. Nf1 Be6 13. Ne3 Ng4 14. Nd5 Bxd5 15.
exd5 Nf6 16. b4 Nb7 17. Nh4 Nxd5 18. Nf5 Bg5 19. Qf3 Bxc1 20. Raxc1 Nxc3 21.
Bb3 e4 22. Qg4 Qf6 23. Re3 exd3 1/2-1/2

[Event "Stuttgarter Stadtmeisterschaft A"]
[Site "Ditzingen"]
[Date "2015.05.14"]
[Round "2.3"]
[White "Flick, Antoine"]
[Black "Karpatchev, Aleksandr"]
[Result "0-1"]
[WhiteElo "2167"]
[BlackElo "2466"]
[PlyCount "122"]
[EventDate "2015.??.??"]
[BlackTeam "SF Bad Mergentheim"]

1. d4 d5 2. Nf3 Nf6 3. c4 dxc4 4. e3 b5 5. a4 b4 6. Bxc4 e6 7. O-O Be7 8. Qe2
O-O 9. a5 a6 10. Nbd2 Bb7 11. Nb3 Nbd7 12. Rd1 c5 13. dxc5 Qc7 14. Bd2 Ng4 15.
c6 Qxc6 16. Nbd4 Qd6 17. Be1 Qb8 18. h3 Nge5 19. Bb3 Nxf3+ 20. Nxf3 Nc5 21. Bc4
Bxf3 22. Qxf3 Bf6 23. Qe2 Rc8 24. Rac1 g6 25. Qd2 Na4 26. Qxb4 Qxb4 27. Bxb4
Bxb2 28. Rc2 Bc3 29. Bb3 Bxb4 30. Bxa4 Rxc2 31. Bxc2 Bxa5 32. Rd7 Rc8 33. Bd3
Rc1+ 34. Kh2 Bc7+ 35. g3 a5 36. Bb5 Kf8 37. Kg2 g5 38. Kf3 h5 39. Rd4 Rb1 40.
Ba4 Bb6 41. Rd7 Rb4 42. Bc6 g4+ 43. hxg4 hxg4+ 44. Ke2 a4 45. Rd3 Bc5 46. Rd2
a3 47. Ra2 f5 48. Kd3 Rb6 49. Ba4 Ke7 50. Bc2 Bd6 51. Kc4 Kf6 52. Bd3 Rb8 53.
Bc2 e5 54. Bb3 Rc8+ 55. Kd3 e4+ 56. Kd2 Bb4+ 57. Kd1 Rh8 58. Bc4 Rd8+ 59. Ke2
Rc8 60. Bb3 Rc1 61. Bd1 Ke5 0-1

[Event "Stuttgarter Stadtmeisterschaft A"]
[Site "Ditzingen"]
[Date "2015.05.14"]
[Round "2.4"]
[White "Belezky, Alexander"]
[Black "Khadempour, Farhad"]
[Result "1-0"]
[WhiteElo "2453"]
[BlackElo "2139"]
[PlyCount "81"]
[EventDate "2015.??.??"]
[WhiteTeam "FC Bayern München"]
[BlackTeam "SV Tübingen"]

1. Nf3 d5 2. g3 Nf6 3. Bg2 c6 4. b3 Bg4 5. Bb2 Nbd7 6. d3 Qc7 7. c4 e5 8. cxd5
Nxd5 9. O-O Be7 10. a3 O-O 11. Nbd2 f6 12. Rc1 Qd6 13. d4 Qe6 14. e4 N5b6 15.
Re1 Rfd8 16. Qc2 Rac8 17. b4 Bd6 18. Nb3 Qe7 19. Nh4 g6 20. Nc5 Nf8 21. h3 Be6
22. Nf3 Bf7 23. Bf1 Rc7 24. dxe5 fxe5 25. Red1 Nbd7 26. Ng5 Qxg5 27. Rxd6 Re8
28. Rcd1 Nxc5 29. Qxc5 a6 30. Qc3 Rce7 31. Bc1 Qh5 32. h4 Ne6 33. Bb2 Nc7 34.
Qe3 Qg4 35. Be2 Qh3 36. Qg5 Qc8 37. Bg4 Qb8 38. Bd7 Nb5 39. Bxe8 Rxe8 40. Rd8
Qc7 41. R1d7 1-0

[Event "Stuttgarter Stadtmeisterschaft A"]
[Site "Ditzingen"]
[Date "2015.05.14"]
[Round "2.5"]
[White "Bergner, Philipp"]
[Black "Krassowizkij, Jaroslaw"]
[Result "1/2-1/2"]
[WhiteElo "2149"]
[BlackElo "2436"]
[PlyCount "51"]
[EventDate "2015.??.??"]
[WhiteTeam "SK Bebenhausen"]
[BlackTeam "SV Jedesheim"]

1. d4 g6 2. Nf3 Bg7 3. Nc3 d6 4. e4 a6 5. a4 Nf6 6. Be2 O-O 7. O-O Nbd7 8. e5
Ne8 9. Bf4 c5 10. dxc5 Nxc5 11. Qd2 Ne6 12. Bh6 dxe5 13. Qxd8 Nxd8 14. Bxg7
Kxg7 15. Nxe5 Nd6 16. Nd5 Rb8 17. Rad1 Be6 18. Nxe7 Re8 19. Rxd6 Rxe7 20. Bf3
Bf5 21. Nd3 Nc6 22. Bxc6 bxc6 23. b3 Re2 24. Rxc6 Bxd3 25. cxd3 Rxb3 26. Rxa6
1/2-1/2

[Event "Stuttgarter Stadtmeisterschaft A"]
[Site "Ditzingen"]
[Date "2015.05.14"]
[Round "2.6"]
[White "Gutman, Lev"]
[Black "Zikeli, Saskia"]
[Result "1-0"]
[WhiteElo "2438"]
[BlackElo "2134"]
[PlyCount "111"]
[EventDate "2015.??.??"]
[WhiteTeam "SV Lingen"]
[BlackTeam "SC Ingersheim"]

1. Nf3 Nf6 2. g3 g6 3. Bg2 Bg7 4. O-O O-O 5. d4 d6 6. a4 Nbd7 7. a5 a6 8. c3 e5
9. dxe5 dxe5 10. Na3 Re8 11. Nc4 e4 12. Nd4 Ne5 13. Qb3 c5 14. Nxe5 Rxe5 15.
Bf4 Re7 16. Nc2 Be6 17. Qa3 Rc8 18. Rfd1 Rd7 19. Ne3 Bf8 20. Bg5 h6 21. Rxd7
Bxd7 22. Bxf6 Qxf6 23. Nd5 Qe6 24. Rd1 f5 25. Nf4 Qc6 26. Nxg6 Bd6 27. c4 Kf7
28. Nh4 Be7 29. Qe3 Bg5 30. Qc3 Be6 31. f3 Bf6 32. Qc1 Bg5 33. Qc2 Bxh4 34.
fxe4 fxe4 35. Bxe4 Qc7 36. gxh4 Rg8+ 37. Kh1 Rg4 38. Bd5 Qf4 39. Qh7+ Kf6 40.
Bxe6 Rg7 41. Qd3 Kxe6 42. Qd5+ Kf6 43. Qd8+ Ke6 44. Qb6+ Kf5 45. Qxc5+ Ke6 46.
Qd5+ Kf6 47. Qd6+ Qxd6 48. Rxd6+ Ke5 49. Rxh6 Kd4 50. b3 Ke3 51. h5 Rg5 52. h4
Rxa5 53. Kg2 Kxe2 54. Re6+ Kd3 55. h6 Kc3 56. Rb6 1-0

[Event "Stuttgarter Stadtmeisterschaft A"]
[Site "Ditzingen"]
[Date "2015.05.14"]
[Round "2.7"]
[White "Kabisch, Thilo"]
[Black "Schmidt, Tobias"]
[Result "1-0"]
[WhiteElo "2298"]
[BlackElo "2122"]
[PlyCount "37"]
[EventDate "2015.??.??"]
[WhiteTeam "SK Schmiden/Cannstatt"]
[BlackTeam "SC Erdmannhausen"]

1. e4 e6 2. d4 d5 3. Nd2 c5 4. Ngf3 cxd4 5. Nxd4 Nc6 6. Nxc6 bxc6 7. Bd3 Nf6 8.
Qe2 Be7 9. O-O O-O 10. b3 Bb7 11. Bb2 c5 12. e5 Nd7 13. f4 h6 14. Kh1 Rc8 15.
f5 exf5 16. Bxf5 Kh8 17. Qg4 Rc7 18. Bxd7 Rxd7 19. e6 1-0

[Event "Stuttgarter Stadtmeisterschaft A"]
[Site "Ditzingen"]
[Date "2015.05.14"]
[Round "2.8"]
[White "Kessler, Andreas"]
[Black "Bergauz, Noam"]
[Result "1/2-1/2"]
[WhiteElo "2141"]
[BlackElo "2296"]
[PlyCount "32"]
[EventDate "2015.??.??"]
[BlackTeam "SK München Südost"]

1. e4 e6 2. d4 d5 3. Nc3 Bb4 4. exd5 exd5 5. Qf3 Ne7 6. Bf4 Bf5 7. O-O-O Qd7 8.
h3 Nbc6 9. Kb1 O-O-O 10. a3 Bd6 11. Bc1 a6 12. Nge2 h5 13. Nxd5 Bxa3 14. Ne3
Bd6 15. Nxf5 Nxf5 16. g3 Rhe8 1/2-1/2

[Event "Stuttgarter Stadtmeisterschaft A"]
[Site "Ditzingen"]
[Date "2015.05.14"]
[Round "2.9"]
[White "Piskur, Mitja"]
[Black "Schulte, Torsten"]
[Result "1-0"]
[WhiteElo "2272"]
[BlackElo "2117"]
[PlyCount "111"]
[EventDate "2015.??.??"]
[BlackTeam "SC Eppingen"]

1. Nf3 Nf6 2. g3 c5 3. Bg2 Nc6 4. O-O d5 5. d3 g6 6. Nbd2 Bg7 7. e4 O-O 8. Re1
e5 9. exd5 Nxd5 10. Nc4 Re8 11. Bg5 f6 12. Bd2 Be6 13. a4 Rc8 14. h4 Bg4 15.
Ne3 Nxe3 16. Bxe3 b6 17. Qd2 Qd7 18. Nh2 Be6 19. Qd1 Nd4 20. h5 Rcd8 21. g4 Bd5
22. Bxd4 exd4 23. Bxd5+ Qxd5 24. Qf3 Qxf3 25. Nxf3 gxh5 26. gxh5 Rxe1+ 27. Rxe1
Kf7 28. Kg2 Rd5 29. Rh1 Bh6 30. b3 Bf4 31. Rh4 Bg5 32. Rh1 Bf4 33. Rh4 Bg5 34.
Rh3 Bf4 35. Ng1 Kg7 36. Ne2 Bd6 37. f4 Kf7 38. Kf3 f5 39. Ng3 Bf8 40. Rh1 Be7
41. Rh2 Bf8 42. Re2 Bg7 43. Re1 Bh6 44. a5 b5 45. a6 Bg7 46. Ra1 c4 47. bxc4
bxc4 48. Rb1 c3 49. Rb7+ Kf6 50. Rxa7 Ra5 51. Ne2 Ra2 52. Nxd4 Bf8 53. Rxh7 Bc5
54. Ne2 Rxc2 55. Rc7 Bb4 56. h6 1-0

[Event "Stuttgarter Stadtmeisterschaft A"]
[Site "Ditzingen"]
[Date "2015.05.14"]
[Round "2.10"]
[White "Montigel, Philipp"]
[Black "Latzke, Boris Alexander"]
[Result "0-1"]
[WhiteElo "2117"]
[BlackElo "2265"]
[PlyCount "46"]
[EventDate "2015.??.??"]
[WhiteTeam "SV Stuttgart-Wolfbusch"]
[BlackTeam "SK Bebenhausen"]

1. e4 e5 2. Nc3 Nf6 3. Nf3 Nc6 4. d4 exd4 5. Nxd4 Bc5 6. Be3 Bb6 7. Nxc6 bxc6
8. Qd2 O-O 9. O-O-O Re8 10. f3 Qe7 11. Bxb6 axb6 12. Bc4 b5 13. Bb3 d6 14. Kb1
Be6 15. Bxe6 Qxe6 16. b3 b4 17. Na4 Reb8 18. c4 bxc3 19. Nxc3 Nd7 20. Kb2 Nc5
21. Rb1 Qc4 22. Rhd1 Nxb3 23. axb3 Rxb3+ 0-1

[Event "Stuttgarter Stadtmeisterschaft A"]
[Site "Ditzingen"]
[Date "2015.05.14"]
[Round "2.11"]
[White "Bilchinski, Anton"]
[Black "Schwab, Matthias"]
[Result "1-0"]
[WhiteElo "2252"]
[BlackElo "2106"]
[PlyCount "61"]
[EventDate "2015.??.??"]
[WhiteTeam "SK Göggingen"]
[BlackTeam "SC Böblingen"]

1. d4 Nf6 2. c4 g6 3. Nc3 Bg7 4. e4 d6 5. Nf3 O-O 6. Be2 e5 7. O-O Nc6 8. d5
Ne7 9. Ne1 Nd7 10. Be3 f5 11. f3 f4 12. Bf2 g5 13. a4 Nf6 14. c5 Ng6 15. a5 h5
16. cxd6 cxd6 17. Nb5 g4 18. Nxa7 Rxa7 19. Bxa7 g3 20. Bb6 Qe7 21. Rc1 Nh7 22.
Kh1 h4 23. Rc7 Qf6 24. h3 Ng5 25. Rxc8 Rxc8 26. Nd3 Qe7 27. Re1 Qd7 28. Bf1 Rc4
29. Qd2 Bf6 30. Rc1 Rxc1 31. Qxc1 1-0